000 00896nam a22002417a 4500
005 20240530110449.0
008 150504s2012 ua g b 000 p ara d
017 _a2010/21965
_bمصر . دار الكتب المصرية
020 _a9789774950643
040 _aEG-CaGPL
082 0 4 _221
_a811.009\
_bأ ش
100 0 _aاحمد سويلم
245 1 0 _aشعرنا القديم :
_bرؤية عصرية /
_cاحمد سويلم
250 _aط1
260 _aالقاهرة :
_bدار العالم العربى ،
_c2012 .
300 _a117 ص ؛
_c24 سم
504 _aيشتمل على ارجاعات ببليوجرافية
650 0 4 _aالادب العربى
650 0 4 _aالشعر العربى
_xتاريخ ونقد
_yالعصر الحديث
650 0 4 _aالشعر العربى
_vدواوين وقصائد
942 _2ddc
_cBK
999 _c61214
_d61214